1192 1277 1560 1582 1689 1345 1786 1211 1698 1119 1778 1945 1953 1592 1054 1620 1977 1192 1067 1117 1095 1789 1393 1873 1087 1823 1449 1651 1367 1170 1417 1669 1689 1930 1635 1512 1509 1611 1301 1993 1475 1254 1584 1326 1148 1372 1287 1959 1902 1732 1935 1268 1544 1346 1363 1233 1154 1763 1393 1689 1585 1106 1102 1849 1954 1542 1823 1331 1689 1210 1016 1890 1931 1910 1741 1866 1660 1199 1037 1766 1627 1879 1116 1816 1888 1857 1470 1075 1399 1725 1583 1467 1562 1004 1713 1591 1077 1790 1679 BCNSPRNW ULIB Ver.6.0+V

เปลี่ยนเป็นภาษาไทย

Change to English
 แสดงรายละเอียดบรรณานุกรม
  กลับหน้าหลัก

Brief Record : Get Marc (ISO 2709) : E-mail record : QR code < ปิดหน้าต่าง
LEADER : 00000nam 2200000uu 4500
001    13399120037
003     ULIB
008    120822s2553||||th 000 0 tha d
020    ^a9789740944683
060 04 ^aWY105^bอ792ก
100 0  ^aอุดมรัตน์ สงวนศิริธรรม
245 00 ^aการพัฒนาวิชาชีพการพยาบาล =^bProfessional nursing development/^cอุดมรัตน์ สงวนศิริธรรม
246 31 ^aProfessional nursing development
250    ^aพิมพ์ครั้งที่ 2
260    ^aเชียงใหม่ :^bมหาวิทยาลัยเชียงใหม่,^c2553
300    ^a307 หน้า
650  7 ^aวิชาชีพการพยาบาล
710 2  ^aมหาวิทยาลัยเชียงใหม่
945    ^p300^l0^i032540
945    ^p300^l0^i032541
995    ^aเกษร
999    ^aใช้งานได้ทุกระบบ
รายการนี้ยังไม่มีแท็ก
คุณยังไม่ได้ล็อกอิน คุณสามารถมีกิจกรรมร่วมกับเว็บไซต์ได้ แต่ต้องล็อกอินก่อน ::
  ล็อกอิน

รายการสื่อสารสนเทศ

ลำดับที่ ประเภท เลขเรียก/บาร์โค้ด สถานที่ สถานะ
1. วิทยาศาสตร์การแพทย์ และสุขภาพ
หนังสือสำรอง
สถานะ=หนังสือสำรอง
WY105 อ792ก ฉ.1 
  Barcode: 032540
ห้องสมุดวิทยาเขตสวรรค์ประชารักษ์
►ส่วนจัดเก็บหนังสือเก่า สปร
บนชั้น
  ขอยืม
2. วิทยาศาสตร์การแพทย์ และสุขภาพ
วิทยาศาสตร์การแพทย์ และสุขภาพ
WY105 อ792ก ฉ.2 
  Barcode: 032541
ห้องสมุดวิทยาเขตสวรรค์ประชารักษ์
►ส่วนจัดเก็บหนังสือเก่า สปร
บนชั้น
  ขอยืม

รายการใกล้เคียง
    ผู้แต่ง [อุดมรัตน์ สงวนศิริธรรม]

    หัวเรื่อง [วิชาชีพการพยาบาล]

BibComment


ยังไม่เคยถูกคอมเมนท์

คอมเมนท์ทรัพยากรรายการนี้
  คอมเมนท์: การพัฒนาวิชาชีพก..


 Copyright 2026. Bcnsprnw @Library